Toro! Toro! (Запис № 17947)
[ простий вигляд ]
| 000 -Маркер запису | |
|---|---|
| Контрольне поле сталої довжини | 01447nam a22002417a 4500 |
| 003 - Належність контрольного номера | |
| Контрольне поле | Uzh_bibl |
| 008 - Кодовані дані | |
| Контрольне поле сталої довжини | 260525b |||||||| |||| 00| 0 ukr d |
| 020 ## - Індекс ISBN | |
| ISBN | 978-0-00-787476-7 |
| Ціна | 100.00 |
| 040 ## - Джерело каталогіз. | |
| Код мови каталог. | укр. |
| 041 ## - Код мови видання | |
| Код мови оригіналу | англійська |
| Код мови тексту | англійська |
| 080 ## - Індекс УДК | |
| Індекс УДК | 821(410) |
| 090 ## - Шифри | |
| Поличний індекс | 821(410) |
| Авторський знак | М 83 |
| 100 ## - Автор | |
| Автор | Morpurgo, Michael |
| 245 ## - Назва | |
| Назва | Toro! Toro! |
| Фізичний носій | Text |
| Відповідальність | il.Michael Foreman |
| 260 ## - Вихідні дані | |
| Місце видання | London |
| Видавництво | HarperCollins Publishers |
| Дата видання | 2001 |
| 300 ## - Фізичний опис | |
| Обсяг | 128 s. |
| 520 ## - Анотація | |
| Анотація | A moving tale set during the Spanish Civil War, about the bond between a little boy and his bull, and their escape from a terrifying fate.<br/><br/>‘Once again, Morpurgo demonstrates his talent for stories of absolute clarity about big events’ Sunday Times<br/><br/>Surrounded by animals on a farm in the Spanish countryside, Antonito’s life is simple but sublime. He and his calf, Paco are inseparable, and the future is an unknown possibility. That is until Antonito sees with his own eyes what happens to bulls in the bullring and resolves to escape with Paco to the hills.<br/><br/>But Paco’s is not the only brutal fate they must run from. As civil war engulfs Spain, planes and soldiers arrive, and their bombs and guns may destroy Antonito’s whole world …<br/> |
| 521 ## - Примітка про цільове призначення | |
| Примітка про цільове призначення | Для підлітків |
| 525 ## - Примітка про додаток | |
| Примітка про додаток | Для старшого шкільного віку |
| 546 ## - Примітка про мову | |
| Примітка про мову | укр. |
| 650 ## - Тематичні рубрики | |
| Основна рубрика | Літературно-художне видання |
| 942 ## - ADDED ENTRY ELEMENTS (KOHA) | |
| Джерело класифікації чи схема поличного розташування | |
| Koha item type | Книги |
| Статус вилучення | Статус втрати/відсутності | Джерело класифікації чи схема поличного розташування | Статус пошкодження | Тип обігу (не для випозичання) | Постійне розташування | Поточне розташування | Дата надходження | Джерело надходження (постачальник) | Інвентарний номер | Total Checkouts | Повний (примірниковий) шифр зберігання | Штрих-код | Date last seen | Дата, для якої чинна ціна заміни | Тип одиниці (рівень примірника) |
|---|---|---|---|---|---|---|---|---|---|---|---|---|---|---|---|
| Бібліотека-філія № 1 для дітей | Бібліотека-філія № 1 для дітей | 23/04/2026 | Подаровані | 80873 | 821(410) | 19434 | 26/05/2026 | 26/05/2026 | Книги |